00654 2200241 4500001002100000005001500021035002000036245010400056100001900160250000600179300003000185700001500215260003600230082001300266084001900279020002200298600001000320990001700330990001700347990001400364990001700378990001700395INLIS00000000000145920221027012634 a0010-10220000261 aFiqih For Kids :bAdzan & Iqamah / Sekarang Giliran Aku /cTethy Ezokanzo ; ilustrator , Pramesta A0 aTethy Ezokanzo a- a24 hlm. :bilus. ;c20 cm0 aPramesta A aJakarta :bGema Insani ,,c2014 a297.3822 a297.3822 TET f a978-602-250-223-4 4aAdzan a04935/H/2022 a04935/P/2022 a813 BAM k a04963/P/2022 a04935/P/2022